000 00632nam a2200229Ia 4500
003 OSt
005 20220923230421.0
006 a|||||r|||| 00| 0
007 ta
008 220922b |||||||| |||| 00| 0 hin d
024 _a281,663
037 _cTextual
040 _aARTS
_cARTS
_bhin
041 _2hin
_ahin
082 _aO153,3N09w,1, M3
100 _aਸਿੰਘ, ਮੋਹਨ
245 0 _aਵੇਖੀ ਮਾਣੀ ਕੁਨੀਆ
260 _c1983
650 _aਪੰਜਾਬੀ ਸਾਹਿਤ
942 _hO153,3N09w,1, M3
_cTEXL
_2CC
999 _c384699
_d384699